| 000 | 01075nam a2200337 i 4500 | ||
|---|---|---|---|
| 001 | 000003581 | ||
| 003 | DO-SdBNP | ||
| 005 | 20260220132119.0 | ||
| 007 | ta | ||
| 008 | 090711s2003 dr 000 0 spa d | ||
| 020 | _a9993492817 | ||
| 040 |
_aDO-SdBNP _bspa _cBNPHU _erda |
||
| 041 | _aspa | ||
| 082 | 1 |
_a158.1 _bA162s _222 |
|
| 100 | 1 |
_aAbreu, Radamés, _eautor _4aut. _92771 |
|
| 245 | 1 | 3 |
_aLa senda del crecimiento / _cRadamés abreu. |
| 264 | 1 |
_aSanto Domingo : _bManatí, _c2003. |
|
| 300 |
_a97 páginas : _b24cm. |
||
| 336 |
_atexto _btxt _2rdacontent |
||
| 337 |
_asin mediación _bn _2rdamedia |
||
| 338 |
_avolumen _bnc _2rdacarrier |
||
| 500 | _aIncluye referencias bibliográficas y notas al pie de las páginas | ||
| 590 | _aLa biblioteca posee 2 ejemplar autografiado por el autor | ||
| 590 | _aInventariado, 2018/LP | ||
| 650 | 7 |
_aConducta de vida _2LIBRUNAM _911947 |
|
| 650 | 7 |
_aParejas _2LIBRUNAM _9802 |
|
| 650 | 4 |
_aRelaciones familiares _9801 |
|
| 650 | 4 |
_aVida cristiana _9668 |
|
| 910 | _aValidado. Control de calidad MFF | ||
| 942 |
_2ddc _cLBS1 |
||
| 999 |
_c3405 _d3405 |
||